Central Library OPAC University of Rajshahi

Programming Symposium : (Record no. 7880)

MARC details
000 -LEADER
fixed length control field 01051cam a2200313 4500
001 - CONTROL NUMBER
control field 7880
003 - CONTROL NUMBER IDENTIFIER
rucl marc code BD-RjUL
005 - DATE AND TIME OF LATEST TRANSACTION
control field 20211208234505.0
008 - FIXED-LENGTH DATA ELEMENTS--GENERAL INFORMATION
fixed length control field 140116s1974 gw a b 101 0 eng d
020 ## - INTERNATIONAL STANDARD BOOK NUMBER
International Standard Book Number 0387068597
035 ## - SYSTEM CONTROL NUMBER
System control number (BD-RjUL) 7924
040 ## - CATALOGING SOURCE
Original cataloging agency DLC
Transcribing agency DLC
Modifying agency DLC
-- (BD-RjUL)
Language of cataloging eng
041 0# - LANGUAGE CODE
Language code of text/sound track or separate title engfre
082 00 - DEWEY DECIMAL CLASSIFICATION NUMBER
Classification number 001.642
Author mark and year PRO
111 2# - MAIN ENTRY--MEETING NAME
Meeting name or jurisdiction name as entry element Programming Symposium,
Location of meeting Paris,
Date of meeting 1974.
9 (RLIN) 24595
245 10 - TITLE STATEMENT
Title Programming Symposium :
Remainder of title proceedings. Colloque sur la programmation, Paris, April 9-11, 1974 /.
Statement of responsibility, etc. Edited by B. Robinet.
260 ## - PUBLICATION, DISTRIBUTION, ETC. (IMPRINT)
Place of publication, distribution, etc. Berlin,
-- New York,
Name of publisher, distributor, etc. Springer-Verlag,
Date of publication, distribution, etc. 1974.
300 ## - PHYSICAL DESCRIPTION
Pagination 425 p. :
Illustrations illus. ;
Size 25 cm.
490 1# - SERIES STATEMENT
Series statement Lecture notes in computer science,
Volume/sequential designation v. 19
500 ## - GENERAL NOTE
General note French or English.
504 ## - BIBLIOGRAPHY, ETC. NOTE
Bibliography, etc Includes bibliographical references.
650 #0 - SUBJECT ADDED ENTRY--TOPICAL TERM
Topical term or geographic name as entry element Computer programming
General subdivision Congresses.
9 (RLIN) 24596
700 ## - ADDED ENTRY--PERSONAL NAME
Fuller form of name (Bernard),
Dates associated with a name 1941-
Relator term ed.
830 #0 - SERIES ADDED ENTRY--UNIFORM TITLE
Volume number/sequential designation 19.
830 #0 - SERIES ADDED ENTRY--UNIFORM TITLE
Uniform title Lecture notes in computer science ;
942 ## - ADDED ENTRY ELEMENTS (KOHA)
Source of classification or shelving scheme Dewey Decimal Classification
Koha item type Books
Holdings
Lost status Source of classification or shelving scheme Damaged status Not for loan Collection code Permanent Location Current Location Shelving location Date acquired Source of acquisition Cost, normal purchase price Total Checkouts Full call number Date last seen Copy number Koha item type
  Dewey Decimal Classification   Not For Loan Non-fiction Central Library, University of Rajshahi Central Library, University of Rajshahi   05/01/1981 Heffers. 7.50   001.642 PRO 1974 16/01/2014 C-1 Books